00540 a2200181 4500010001400000020002300014035001300037037001600050082001000066100002400076245007300100250001200173260004400185270004700229300003000276500003200306700002000338 aENG-88744 c325.00a8120333734 aEN-72277 bDBAD / PUB14a658.51 aMurphy, Paul R. Jr.1 aContemporary logistics/c by Paul R. Murphy Jr. [and] Donald F. Wood a9th ed. aNew DelhibPrentice-Hall of Indiac2008 aM-97, Connaught CircusbNew Delhie110 001 axvi, 415 p.c24 cm. (Pbk) aIncludes glossary and index1 aWood, Donald F.